Central Library OPAC University of Rajshahi
Normal view MARC view

Entry Geographic Name

Number of records used in: 2

001 - CONTROL NUMBER

  • control field: 13648

003 - CONTROL NUMBER IDENTIFIER

  • control field: BD-RjUL

005 - DATE AND TIME OF LATEST TRANSACTION

  • control field: 20241001113747.0

008 - FIXED-LENGTH DATA ELEMENTS

  • fixed length control field: 241001|| aca||aabn | a|a d

040 ## - CATALOGING SOURCE

  • Original cataloging agency: BD-RjUL
  • Transcribing agency: BD-RjUL

151 ## - HEADING--GEOGRAPHIC NAME

  • Geographic name: রাজশাহী
  • General subdivision: ইতিহাস
  • Chronological subdivision: বিপ্লব, ১৯৭১

670 ## - SOURCE DATA FOUND

  • Source citation: Work cat.: (BD-RjUL)84057: কামাল, মেসবাহ 13645, একাত্তরে রাজশাহী উপশহর /, ২০২৪